|
|
|
|
| LEADER |
01041nam a2200289 i 4500 |
| 001 |
12379 |
| 003 |
BD-DhAAL |
| 005 |
20141206143129.0 |
| 008 |
141206s1994 caua b 001 0 eng |
| 010 |
|
|
|a 73094383
|
| 040 |
|
|
|a DLC
|c DLC
|d DLC
|d BD-DhAAL
|
| 050 |
0 |
0 |
|a T57.6
|b .H54 1974
|
| 082 |
0 |
0 |
|a 001.4/24
|2 22
|
| 999 |
|
|
|c 33235
|d 33235
|
| 999 |
|
|
|c 0
|
| 100 |
1 |
|
|a Hillier, Frederick S.
|9 6609
|
| 245 |
0 |
0 |
|a Operations research /
|c Frederick S. Hillier, Gerald J. Lieberman.
|
| 250 |
|
|
|a 2d ed.
|
| 260 |
|
|
|a San Francisco :
|b Holden-Day,
|c c1994.
|
| 300 |
|
|
|a xii, 800 p. :
|b ill. ;
|c 24 cm.
|
| 500 |
|
|
|a Edition for 1967 published under title: Introduction to operations research.
|
| 504 |
|
|
|a Includes bibliographies and index.
|
| 541 |
|
|
|e 12379
|
| 650 |
|
0 |
|a Operations research.
|9 6158
|
| 700 |
1 |
|
|a Lieberman, Gerald J.,
|e joint author.
|9 6610
|
| 942 |
|
|
|2 ddc
|c BK
|
| 952 |
|
|
|0 0
|1 0
|2 ddc
|4 0
|6 001_424000000000000_HIL
|7 0
|9 44365
|a BRACUL
|b BRACUL
|c GEN
|d 2014-12-06
|g 200.00
|l 1
|o 001.424 HIL
|p 3010012379
|r 2016-08-18
|s 2016-04-28
|t 1
|w 2014-12-06
|y BK
|